000 00681nam a2200277Ia 4500
008 180803s9999 xx 000 0 und d
020 _a9780531266526
050 _bP362 2011
100 _aPearson, Mary E.
245 0 _aGenerous me /
245 0 _cby Mary E. Pearson ; illustrated by Gary Krejca.
260 _aNew York, New York :
260 _bChildren's Press,
260 _c2011
300 _a40 pages :
300 _bcolored ;
300 _c17cm.
440 _aRookie ready to learn.
500 _a270
650 _aSharing.
650 _aSisters.
650 _aStories in rhyme.
700 _aKrejca, Gary.
700 _aSeries.
700 _aTitle.
999 _c358282
_d358282